| 000 | 00570nam a2200229Ia 4500 | ||
|---|---|---|---|
| 003 | OSt | ||
| 005 | 20231120090749.0 | ||
| 008 | 210210b1927 xxu||||| |||| 00| 0 eng d | ||
| 040 | _cAL | ||
| 041 | _aeng | ||
| 082 | _a821/488 | ||
| 100 |
_aNEWBOLT (Henry) _9142176 |
||
| 245 | _aPattern poetry: Part III | ||
| 260 |
_aLondon _bThomas Nelson and Sons Limited _c1927 |
||
| 650 |
_apoetry: _9142177 |
||
| 650 |
_aPattern _9142178 |
||
| 650 |
_aPart _9142179 |
||
| 650 |
_aIII _9142180 |
||
| 690 |
_aEnglish Literature _9142181 |
||
| 906 | _a011657 | ||
| 942 |
_2ddc _cBK |
||
| 999 |
_c130345 _d130345 |
||